Ecosistema: componentes y atributos relativos al desarrollo y medio ambiente. Bases ecológicas de la modernización de la agricultura
שמור ב:
| מחבר ראשי: | |
|---|---|
| פורמט: | ספר |
| שפה: | ספרדית |
| יצא לאור: |
Santiago
Departamento de Zootecnia de la Facultad de Agronomía de la Pontificia Universidad Católica de Chile
1983
|
| סדרה: | Sistemas en Agricultura, 83 06
|
| נושאים: | |
| תגים: |
הוספת תג
אין תגיות, היה/י הראשונ/ה לתייג את הרשומה!
|
MARC
| LEADER | 00000cam a2200000 a 4500 | ||
|---|---|---|---|
| 001 | UCG5390 | ||
| 003 | CL-VaPUC | ||
| 008 | 110303e19830000CL |||||||||||||||||spa|d | ||
| 082 | 0 | 4 | |a 577.55 |b GAS |2 21 |
| 100 | |a Gastó Coderch, Juan |e autor |9 757199 | ||
| 245 | 1 | 0 | |a Ecosistema: componentes y atributos relativos al desarrollo y medio ambiente. Bases ecológicas de la modernización de la agricultura |
| 300 | |a 170 h | ||
| 942 | |c BK | ||
| 945 | |d 20110303 00:00:00 |a dcastane | ||
| 260 | |a Santiago |b Departamento de Zootecnia de la Facultad de Agronomía de la Pontificia Universidad Católica de Chile |c 1983 | ||
| 650 | 0 | |a Ecosistemas |9 261477 | |
| 650 | 0 | |a Ecología |9 258124 | |
| 650 | 0 | |a Agricultura |9 255598 | |
| 650 | 0 | |a Ecología agrícola |9 264266 | |
| 650 | 0 | |a Ecosistemas terrestres |9 343700 | |
| 583 | |a last modification |c 20111028 10:44:45 |k Rodrigo Vera | ||
| 490 | 0 | |a Sistemas en Agricultura, 83 06 | |
| 999 | |c 343918 |d 343916 | ||